=LDR 00000nam 2200000 4500 =Wor $a 1 =001 $a INLIS000000000008377 =005 $a 20260604110112 =008 $a 260604################g##########0#eng## =022 ##$$a - =035 ##$$a 0010-0626000004 =082 ##$$a 428.62 =084 ##$$a 428.62 LAD l =100 1#$$a Lado, Robert =245 ##$$a Lado english series : $b a complete course in english as a second language (Book 5) $c Lado, Robert; Sheridan, Bernadette; Silverio-Borges, Anette =246 ##$$a =260 ##$$a Jakarta $b Regents Indira $c 1980 =300 ##$$a iii, 198 hlm. $b ilus. $c 22 cm $d =336 ##$$a =337 ##$$a =338 ##$$a =520 #$$a =650 #$$a Bahasa Inggris =700 #$$a Sheridan, Bernadette =700 1#$$a Silverio-Borges, Anette =740 ##$$a =856 ##$$a